Όλα όσα θέλετε να μάθετε για τους υπολογιστές και...ντρεπόσαστε να ρωτήσετε

Αποθηκεύτηκε σε:
Λεπτομέρειες βιβλιογραφικής εγγραφής
Κύριος συγγραφέας: Stevens, Richard (Richard John)
Μορφή: Βιβλίο
Γλώσσα:Greek
English
Δημοσίευση: Αθήνα : Κλειδάριθμος, 1986.
Θέματα:
Ετικέτες: Προσθήκη ετικέτας
Δεν υπάρχουν, Καταχωρήστε ετικέτα πρώτοι!

MARC

LEADER 00000cam a2200000 i 4500
001 1/81272
008 970303s1986 gr | ||| |||| ||gre||
035 |a 1995  |b 1  |c Δωρεά  |l 10033652 
040 |a GR-MY-UA  |b gre  |e aacr 
041 1 |a gre  |h eng 
082 7 |a 004   |2 (22) 
100 1 |a Stevens, Richard   |q (Richard John) 
245 1 0 |a Όλα όσα θέλετε να μάθετε για τους υπολογιστές και...ντρεπόσαστε να ρωτήσετε /   |c Richard Stevens.  
260 |a Αθήνα :   |b Κλειδάριθμος,   |c 1986.  
300 |a 300 σ. :   |b εικ., σχέδ. ;   |c 24 εκ.  
500 |a Τίτλος πρωτοτύπου: Understanding computers.  
650 0 0 |a Computers. 
852 |a INST  |b RHODES  |e 19970303  |h 004 STE  |p 005400007464  |q 005400007464  |t BK  |y 0 
852 |a INST  |b RHODES  |e 19970303  |h 004 STE  |p 005400007465  |q 005400007465  |t BK  |y 0 
852 |a INST  |b RHODES  |e 19970303  |h 004 STE  |p 005400007466  |q 005400007466  |t BK  |y 0 
852 |a INST  |b RHODES  |e 19970303  |h 004 STE  |p 005400007467  |q 005400007467  |t BK  |y 0 
852 |a INST  |b RHODES  |e 19970303  |h 004 STE  |p 005400007468  |q 005400007468  |t BK  |y 0 
852 |a INST  |b RHODES  |e 19970303  |h 004 STE  |p 005400007469  |q 005400007469  |t BK  |y 0 
909 |a Ρ  |b 028297 
909 |a Ρ  |b 028298 
909 |a Ρ  |b 028299 
909 |a Ρ  |b 028300 
909 |a Ρ  |b 028301 
909 |a Ρ  |b 028302 
970 |a ΧΟΡΟΖΙΔΟΥ  |b ΤΖΕΝΗ  |z 1999/09/29